00599 2200217 4500001002100000005001500021035002000036007000300056008004100059020002200100082000800122084001400130100002100144245008500165250001100250260003600261300002500297650002100322700002200343990001600365INLIS00000000000133220190625051726 a0010-0619000004ta190625 g 0 ind  a978-979-061-159-7 a005 a005 JAM s0 aJames A. O'Brien1 aSistem informasi manajemen :bManagement information systems /cJames A. O'Brien a2 jild aJakarta :bSalemba Empat,c2014 a246p :bIlus ;c28cm aSistem informasi0 aGeorge M. Marakas a00000004781